00626 2200229 4500001002100000005001500021035002000036007000300056008004100059020002200100082001100122084001700133100001900150245004900169250004200218260004300260300002900303650001000332700001900342504002100361505001400382INLIS00000000000898220210609033354 a0010-0621000050ta210609 g 0 ind  a978-602-18942-6-2 a333.79 a333.79 TUT e0 aTUTUN, Nugraha1 aEnergi Angin /cTutun Nugraha, Didik Sunardi acet.2.-- Seri Sains Energi Terbarukan a[s.l] :bPelangi Ilmu Nusantara,c2013 a66 hlm :bilus. ;c28 cm 4aANGIN0 aDIDIK, Sunardi aBibliografi.: 60 aGlosarium